{"text_format":"3","workbook":"xls","n_sheets":16,"sheets":["招标控制价","总说明","工程项目造价汇总表","单项工程造价汇总表","单位工程造价汇总表","分部分项工程量清单与计价表","总价措施项目清单与计价表(含分项)","单价措施项目清单与计价表","其他项目清单与计价汇总表","暂列金额明细表","专业工程暂估价明细表","总承包服务费计价表","分部分项工程量清单综合单价分析表","单价措施项目清单综合单价分析表","主要材料设备项目与价格表","人工、材料设备、机械汇总表"],"read":"whole","date_system":"1900","formulas":"cached_only"}

{"sheet":"招标控制价","index":0,"n_rows":30,"n_cols":7,"rows_kept":30,"merged":[[0,0,0,6],[1,0,1,6],[2,0,2,6],[3,0,3,6],[4,0,4,6],[5,0,5,6],[6,0,6,6],[7,0,7,6],[8,0,8,2],[8,4,8,5],[9,1,9,3],[9,4,9,5],[10,1,10,3],[10,4,10,5],[11,0,11,6],[12,0,12,1],[12,2,12,3],[12,5,12,6],[13,0,13,1],[13,2,13,3],[13,5,13,6],[14,0,14,6],[15,0,15,6],[16,0,16,6],[17,0,17,1],[17,2,17,3],[17,5,17,6],[18,0,18,1],[18,2,18,3],[18,5,18,6],[19,0,19,6],[20,0,20,6],[21,0,21,6],[22,0,22,1],[22,2,22,6],[23,0,23,1],[23,2,23,6],[24,0,24,6],[25,0,25,6],[26,0,26,6],[27,0,27,6],[28,0,28,3],[28,4,28,6],[29,0,29,6]],"flags":["formulas_cached_only"]}
[""]
[""]
["福建卫生职业技术学院四个系楼楼梯和走廊栏杆油漆修缮工程工程"]
[""]
[""]
["招 标 控 制 价"]
[""]
[""]
["招标控制价(小写):",null,null,"96683元","其中：甲供材料费",null,""]
["","",null,null,"",null,""]
["(大写):","玖万陆仟陆佰捌拾叁圆整",null,null,"其中：甲供材料费",null,""]
[""]
["招  标  人:",null,"",null,"造价咨询人:",""]
["",null,"(单位盖章)",null,"","(单位盖章或资质专用章)"]
[""]
[""]
[""]
["法定代表人\r\n或其授权人:",null,"",null,"法定代表人\r\n或其授权人:",""]
["",null,"(签字或盖章)",null,"","(签字或盖章)"]
[""]
[""]
[""]
["造价工程师：",null,""]
["",null,"(签字盖专用章)"]
[""]
[""]
[""]
[""]
["编制时间:",{"$nulls":3},"2018年08月04日"]
[""]

{"sheet":"总说明","index":1,"n_rows":2,"n_cols":2,"rows_kept":2,"merged":[[0,0,0,1],[2,0,2,1]],"flags":["formulas_cached_only"]}
["总说明"]
["工程名称：福建卫生职业技术学院四个系楼楼梯和走廊栏杆油漆修缮工程","第1页 共1页"]

{"sheet":"工程项目造价汇总表","index":2,"n_rows":7,"n_cols":4,"rows_kept":7,"merged":[[2,0,2,3],[3,0,3,2],[6,0,6,1]],"flags":["formulas_cached_only"]}
["","","",""]
["","","",""]
["工程项目造价汇总表"]
["工程名称:福建卫生职业技术学院四个系楼楼梯和走廊栏杆油漆修缮工程",null,null,"第1页 共1页"]
["序号","单项工程名称","金额(元)","其中:\r\n安全文明施工费(元)"]
["1","单项工程",{"v":96683,"d":"96683.00"},{"v":461,"d":"461.00"}]
["合  计",null,{"v":96683,"d":"96683.00"},{"v":461,"d":"461.00"}]

{"sheet":"单项工程造价汇总表","index":3,"n_rows":7,"n_cols":5,"rows_kept":7,"merged":[[1,0,1,4],[2,0,2,4],[3,0,3,3],[4,2,4,3],[5,2,5,3],[6,0,6,1],[6,2,6,3]],"flags":["formulas_cached_only"]}
["","","","",""]
["单项工程造价汇总表"]
[""]
["工程名称：福建卫生职业技术学院四个系楼楼梯和走廊栏杆油漆修缮工程  单项工程",{"$nulls":3},"第1页 共1页"]
["序号","单位工程名称","金额(元)",null," 其中:\r\n安全文明施工费(元)"]
["1","房屋建筑与装饰工程",{"v":96683,"d":"96683.00"},null,{"v":461,"d":"461.00"}]
["合        计",null,{"v":96683,"d":"96683.00"},null,{"v":461,"d":"461.00"}]

{"sheet":"单位工程造价汇总表","index":4,"n_rows":19,"n_cols":4,"rows_kept":19,"merged":[[0,0,0,3],[1,0,1,3],[2,0,2,2],[3,2,3,3],[4,2,4,3],[5,2,5,3],[6,2,6,3],[7,2,7,3],[8,2,8,3],[9,2,9,3],[10,2,10,3],[11,2,11,3],[12,2,12,3],[13,2,13,3],[14,2,14,3],[15,2,15,3],[16,2,16,3],[17,2,17,3],[18,0,18,1],[18,2,18,3]],"flags":["formulas_cached_only"]}
["单位工程造价汇总表"]
[""]
["工程名称：福建卫生职业技术学院四个系楼楼梯和走廊栏杆油漆修缮工程  单项工程  房屋建筑与装饰工程",null,null,"第1页 共1页"]
["序号","汇 总 内 容","金 额(元)"]
["1","分部分项工程费",{"v":96070,"d":"96070.00"}]
["1.1","基础系",{"v":25852,"d":"25852.00"}]
["1.2","检验、影像系",{"v":25852,"d":"25852.00"}]
["1.3","药学系",{"v":25852,"d":"25852.00"}]
["1.4","护理临床系",{"v":18514,"d":"18514.00"}]
["2","措施项目费",{"v":613,"d":"613.00"}]
["2.1","总价措施项目费",{"v":613,"d":"613.00"}]
["2.1.1","安全文明施工费",{"v":461,"d":"461.00"}]
["2.1.2","其他总价措施费",{"v":104,"d":"104.00"}]
["2.2","单价措施项目费"]
["3","其他项目费"]
["3.1","暂列金额"]
["3.2","专业工程暂估价"]
["3.3","总承包服务费"]
["合  计=1+2+3",null,{"v":96683,"d":"96683.00"}]

{"sheet":"分部分项工程量清单与计价表","index":5,"n_rows":20,"n_cols":11,"rows_kept":20,"merged":[[0,0,0,9],[1,0,1,9],[2,0,2,7],[2,8,2,9],[3,0,4,1],[3,2,4,2],[3,3,4,3],[3,4,4,4],[3,5,4,5],[3,6,4,6],[3,7,3,9],[4,7,4,8],[5,0,5,9],[6,0,6,9],[7,0,7,9],[8,0,8,1],[8,7,8,8],[9,0,9,1],[9,7,9,8],[10,0,10,9],[11,0,11,1],[11,7,11,8],[12,0,12,1],[12,7,12,8],[13,0,13,9],[14,0,14,1],[14,7,14,8],[15,0,15,1],[15,7,15,8],[16,0,16,9],[17,0,17,1],[17,7,17,8],[18,0,18,1],[18,7,18,8],[19,0,19,8]],"flags":["formulas_cached_only"]}
["分部分项工程量清单与计价表",{"$nulls":9},""]
["",{"$nulls":9},""]
["工程名称：福建卫生职业技术学院四个系楼楼梯和走廊栏杆油漆修缮工程",{"$nulls":7},"第1页 共1页",null,""]
["序号",null,"项目编码","项目名称","项目特征描述","计量单位","工程量","金    额(元)",null,null,""]
[{"$nulls":7},"综合单价",null,"合价",""]
["单项工程",{"$nulls":9},"单项工程(17房屋建筑与装饰)"]
["房屋建筑与装饰工程",{"$nulls":9},"单位工程(17房屋建筑与装饰)"]
["基础系",{"$nulls":9},"分项工程(17房屋建筑与装饰)"]
["1",null,"020906008005","栅栏、栏杆油漆","(1)手工除锈、防锈漆一道、面漆两道","m2",650.039,33.77,null,21951.82,""]
["2",null,"CBC005","锈蚀严重栏杆装饰","(1)切割锈蚀栏杆，镀锌管焊接，防锈漆一道、面漆两道，若遇到水泥衔接处破损，需水泥砂浆修补、抹平","点",{"v":60,"d":"60.000"},65.01,null,{"v":3900.6,"d":"3900.60"},""]
["检验、影像系",{"$nulls":9},"分项工程(17房屋建筑与装饰)"]
["3",null,"020906008006","栅栏、栏杆油漆","(1)手工除锈、防锈漆一道、面漆两道","m2",650.039,33.77,null,21951.82,""]
["4",null,"CBC006","锈蚀严重栏杆装饰","(1)切割锈蚀栏杆，镀锌管焊接，防锈漆一道、面漆两道，若遇到水泥衔接处破损，需水泥砂浆修补、抹平","点",{"v":60,"d":"60.000"},65.01,null,{"v":3900.6,"d":"3900.60"},""]
["药学系",{"$nulls":9},"分项工程(17房屋建筑与装饰)"]
["5",null,"020906008007","栅栏、栏杆油漆","(1)手工除锈、防锈漆一道、面漆两道","m2",650.039,33.77,null,21951.82,""]
["6",null,"CBC007","锈蚀严重栏杆装饰","(1)切割锈蚀栏杆，镀锌管焊接，防锈漆一道、面漆两道，若遇到水泥衔接处破损，需水泥砂浆修补、抹平","点",{"v":60,"d":"60.000"},65.01,null,{"v":3900.6,"d":"3900.60"},""]
["护理临床系",{"$nulls":9},"分项工程(17房屋建筑与装饰)"]
["7",null,"020906008008","栅栏、栏杆油漆","(1)手工除锈、防锈漆一道、面漆两道","m2",471.229,33.77,null,{"v":15913.4,"d":"15913.40"},""]
["8",null,"CBC008","锈蚀严重栏杆装饰","(1)切割锈蚀栏杆，镀锌管焊接，防锈漆一道、面漆两道，若遇到水泥衔接处破损，需水泥砂浆修补、抹平","点",{"v":40,"d":"40.000"},65.01,null,{"v":2600.4,"d":"2600.40"},""]
["合        计",{"$nulls":8},96071.06,""]

{"sheet":"总价措施项目清单与计价表(含分项)","index":6,"n_rows":23,"n_cols":9,"rows_kept":23,"merged":[[0,0,0,9],[1,0,1,9],[2,0,2,7],[2,8,2,9],[3,0,3,1],[3,2,3,3],[3,4,3,5],[3,6,3,7],[3,8,3,9],[4,0,4,9],[5,0,5,9],[6,0,6,9],[7,0,7,1],[7,2,7,3],[7,4,7,5],[7,6,7,7],[7,8,7,9],[8,0,8,1],[8,2,8,3],[8,4,8,5],[8,6,8,7],[8,8,8,9],[9,0,9,1],[9,2,9,3],[9,4,9,5],[9,6,9,7],[9,8,9,9],[10,0,10,9],[11,0,11,1],[11,2,11,3],[11,4,11,5],[11,6,11,7],[11,8,11,9],[12,0,12,1],[12,2,12,3],[12,4,12,5],[12,6,12,7],[12,8,12,9],[13,0,13,1],[13,2,13,3],[13,4,13,5],[13,6,13,7],[13,8,13,9],[14,0,14,9],[15,0,15,1],[15,2,15,3],[15,4,15,5],[15,6,15,7],[15,8,15,9],[16,0,16,1],[16,2,16,3],[16,4,16,5],[16,6,16,7],[16,8,16,9],[17,0,17,1],[17,2,17,3],[17,4,17,5],[17,6,17,7],[17,8,17,9],[18,0,18,9],[19,0,19,1],[19,2,19,3],[19,4,19,5],[19,6,19,7],[19,8,19,9],[20,0,20,1],[20,2,20,3],[20,4,20,5],[20,6,20,7],[20,8,20,9],[21,0,21,1],[21,2,21,3],[21,4,21,5],[21,6,21,7],[21,8,21,9],[22,0,22,7],[22,8,22,9]],"flags":["formulas_cached_only"]}
["总价措施项目清单与计价表"]
[""]
["工程名称：福建卫生职业技术学院四个系楼楼梯和走廊栏杆油漆修缮工程",{"$nulls":7},"第1页 共1页"]
["序号",null,"项 目 名 称",null,"计 算 基 础\r\n(元)",null,"费    率(%)",null,"金    额(元)"]
["单项工程"]
["房屋建筑与装饰工程"]
["基础系"]
["1",null,"安全文明施工费",null,{"v":25852,"d":"25852.00"},null,"0.48",null,{"v":124,"d":"124.00"}]
["2",null,"其他总价措施费",null,{"v":25852,"d":"25852.00"},null,"0.11",null,{"v":28,"d":"28.00"}]
["3",null,"防尘措施费",null,{"v":124,"d":"124.00"},null,"10.5",null,{"v":13,"d":"13.00"}]
["检验、影像系"]
["1",null,"安全文明施工费",null,{"v":25852,"d":"25852.00"},null,"0.48",null,{"v":124,"d":"124.00"}]
["2",null,"其他总价措施费",null,{"v":25852,"d":"25852.00"},null,"0.11",null,{"v":28,"d":"28.00"}]
["3",null,"防尘措施费",null,{"v":124,"d":"124.00"},null,"10.5",null,{"v":13,"d":"13.00"}]
["药学系"]
["1",null,"安全文明施工费",null,{"v":25852,"d":"25852.00"},null,"0.48",null,{"v":124,"d":"124.00"}]
["2",null,"其他总价措施费",null,{"v":25852,"d":"25852.00"},null,"0.11",null,{"v":28,"d":"28.00"}]
["3",null,"防尘措施费",null,{"v":124,"d":"124.00"},null,"10.5",null,{"v":13,"d":"13.00"}]
["护理临床系"]
["1",null,"安全文明施工费",null,{"v":18514,"d":"18514.00"},null,"0.48",null,{"v":89,"d":"89.00"}]
["2",null,"其他总价措施费",null,{"v":18514,"d":"18514.00"},null,"0.11",null,{"v":20,"d":"20.00"}]
["3",null,"防尘措施费",null,{"v":89,"d":"89.00"},null,"10.5",null,{"v":9,"d":"9.00"}]
["合    计",{"$nulls":7},{"v":613,"d":"613.00"}]

{"sheet":"单价措施项目清单与计价表","index":7,"n_rows":12,"n_cols":11,"rows_kept":12,"merged":[[0,0,0,9],[1,0,1,9],[2,0,2,7],[2,8,2,9],[3,0,4,1],[3,2,4,2],[3,3,4,3],[3,4,4,4],[3,5,4,5],[3,6,4,6],[3,7,3,9],[4,7,4,8],[5,0,5,9],[6,0,6,9],[7,0,7,9],[8,0,8,9],[9,0,9,9],[10,0,10,9],[11,0,11,8]],"flags":["formulas_cached_only"]}
["单价措施项目清单与计价表",{"$nulls":9},""]
["",{"$nulls":9},""]
["工程名称：福建卫生职业技术学院四个系楼楼梯和走廊栏杆油漆修缮工程",{"$nulls":7},"第1页 共1页",null,""]
["序号",null,"项目编码","项目名称","项目特征描述","计量单位","工程量","金    额(元)",null,null,""]
[{"$nulls":7},"综合单价",null,"合价",""]
["单项工程",{"$nulls":9},"单项工程(17房屋建筑与装饰)"]
["房屋建筑与装饰工程",{"$nulls":9},"单位工程(17房屋建筑与装饰)"]
["基础系",{"$nulls":9},"分项工程(17房屋建筑与装饰)"]
["检验、影像系",{"$nulls":9},"分项工程(17房屋建筑与装饰)"]
["药学系",{"$nulls":9},"分项工程(17房屋建筑与装饰)"]
["护理临床系",{"$nulls":9},"分项工程(17房屋建筑与装饰)"]
["合       计",{"$nulls":9},""]

{"sheet":"其他项目清单与计价汇总表","index":8,"n_rows":8,"n_cols":4,"rows_kept":8,"merged":[[0,0,0,3],[1,0,1,3],[2,0,2,2],[7,0,7,1]],"flags":["formulas_cached_only"]}
["其他项目清单与计价汇总表"]
[""]
["工程名称：福建卫生职业技术学院四个系楼楼梯和走廊栏杆油漆修缮工程",null,null,"第1页 共1页"]
["序号","项 目 名 称","金额(元)","备注"]
["1","暂列金额",null,""]
["2","专业工程暂估价",null,""]
["3","总承包服务费",null,""]
["合    计",null,null,"——"]

{"sheet":"暂列金额明细表","index":9,"n_rows":12,"n_cols":5,"rows_kept":12,"merged":[[0,0,0,4],[1,0,1,4],[2,0,2,2],[2,3,2,4],[3,2,3,3],[4,2,4,3],[5,2,5,3],[6,2,6,3],[7,2,7,3],[8,2,8,3],[9,2,9,3],[10,2,10,3],[11,0,11,1],[11,2,11,3]],"flags":["formulas_cached_only"]}
["暂列金额明细表"]
[""]
["工程名称：福建卫生职业技术学院四个系楼楼梯和走廊栏杆油漆修缮工程",null,null,"第1页 共1页"]
["序号","项 目 名 称","金额(元)",null,"备  注"]
["1","设计变更和现场签证暂列金额",null,null,""]
["2","优质工程增加费",null,null,""]
["3","缩短定额工期增加费",null,null,""]
["4","远程监控系统租赁费",null,null,""]
["5","发包人检测费",null,null,""]
["6","工程噪声超标排污费",null,null,""]
["7","渣土收纳费",null,null,""]
["合    计",{"$nulls":3},"——"]

{"sheet":"专业工程暂估价明细表","index":10,"n_rows":5,"n_cols":5,"rows_kept":5,"merged":[[0,0,0,4],[1,0,1,4],[2,0,2,2],[2,3,2,4],[3,2,3,3],[4,0,4,1],[4,2,4,3]],"flags":["formulas_cached_only"]}
["专业工程暂估价明细表"]
[""]
["工程名称：福建卫生职业技术学院四个系楼楼梯和走廊栏杆油漆修缮工程",null,null,"第1页 共1页"]
["序号","项 目 名 称","金额(元)",null,"备  注"]
["合    计",{"$nulls":3},"——"]

{"sheet":"总承包服务费计价表","index":11,"n_rows":5,"n_cols":5,"rows_kept":5,"merged":[[0,0,0,4],[1,0,1,4],[2,0,2,3],[4,0,4,3]],"flags":["formulas_cached_only"]}
["总承包服务费计价表"]
[""]
["工程名称：福建卫生职业技术学院四个系楼楼梯和走廊栏杆油漆修缮工程",{"$nulls":3},"第1页 共1页"]
["序号","项 目 名 称","计算基础(元)","费率(%)","金额(元)"]
["合    计"]

{"sheet":"分部分项工程量清单综合单价分析表","index":12,"n_rows":40,"n_cols":15,"rows_kept":40,"merged":[[0,0,0,13],[1,0,1,13],[2,0,2,11],[2,12,2,13],[3,0,4,0],[3,1,4,1],[3,2,4,2],[3,3,4,3],[3,4,4,4],[3,5,3,12],[3,13,4,13],[5,0,5,13],[6,0,6,13],[7,0,7,13],[14,0,14,13],[21,0,21,13],[25,0,25,13],[26,0,26,13],[27,0,27,11],[27,12,27,13],[28,0,29,0],[28,1,29,1],[28,2,29,2],[28,3,29,3],[28,4,29,4],[28,5,28,12],[28,13,29,13],[33,0,33,13]],"flags":["formulas_cached_only"]}
["分部分项工程量清单综合单价分析表",{"$nulls":13},""]
["",{"$nulls":13},""]
["工程名称：福建卫生职业技术学院四个系楼楼梯和走廊栏杆油漆修缮工程",{"$nulls":11},"第1页 共2页",null,""]
["序号","项目编码","项目名称及特征描述","单位","工程量","综合单价组成(元)",{"$nulls":7},"综合单价\r\n(元)",""]
[{"$nulls":5},"人工费","材料费","其中：\r\n设备费","施工机具使用费","企业管理费","利润","规费","税金",null,""]
["单项工程",{"$nulls":13},"单项工程(17房屋建筑与装饰)"]
["房屋建筑与装饰工程",{"$nulls":13},"单位工程(17房屋建筑与装饰)"]
["基础系",{"$nulls":13},"分项工程(17房屋建筑与装饰)"]
["1","020906008005","栅栏、栏杆油漆\r\n(1)手工除锈、防锈漆一道、面漆两道","m2",650.039,20.75,5.63,null,null,2.59,1.74,null,3.07,33.77,""]
["1.1","10106005","金属构件制作(金属面除锈 手工除锈)","m2",{"v":325.02,"d":"325.020"},18.75,0.34,null,null,1.87,1.26,null,2.22,24.44,""]
["1.2","10114110","金属面其他油漆(金属面 红丹防锈漆一遍)","m2",650.039,4.13,4.27,null,null,0.82,0.55,null,0.98,10.75,""]
["1.3","10114111","金属面其他油漆(金属面 调和漆二遍)","m2",650.039,7.24,1.19,null,null,0.83,0.56,null,0.98,{"v":10.8,"d":"10.80"},""]
["2","CBC005","锈蚀严重栏杆装饰\r\n(1)切割锈蚀栏杆，镀锌管焊接，防锈漆一道、面漆两道，若遇到水泥衔接处破损，需水泥砂浆修补、抹平","点",{"v":60,"d":"60.000"},null,50.77,null,null,4.98,3.35,null,5.91,65.01,""]
["2.1","001T","栏杆装饰","点",{"v":60,"d":"60.000"},null,50.77,null,null,4.98,3.35,null,5.91,65.01,""]
["检验、影像系",{"$nulls":13},"分项工程(17房屋建筑与装饰)"]
["3","020906008006","栅栏、栏杆油漆\r\n(1)手工除锈、防锈漆一道、面漆两道","m2",650.039,20.75,5.63,null,null,2.59,1.74,null,3.07,33.77,""]
["3.1","10106005","金属构件制作(金属面除锈 手工除锈)","m2",{"v":325.02,"d":"325.020"},18.75,0.34,null,null,1.87,1.26,null,2.22,24.44,""]
["3.2","10114110","金属面其他油漆(金属面 红丹防锈漆一遍)","m2",650.039,4.13,4.27,null,null,0.82,0.55,null,0.98,10.75,""]
["3.3","10114111","金属面其他油漆(金属面 调和漆二遍)","m2",650.039,7.24,1.19,null,null,0.83,0.56,null,0.98,{"v":10.8,"d":"10.80"},""]
["4","CBC006","锈蚀严重栏杆装饰\r\n(1)切割锈蚀栏杆，镀锌管焊接，防锈漆一道、面漆两道，若遇到水泥衔接处破损，需水泥砂浆修补、抹平","点",{"v":60,"d":"60.000"},null,50.77,null,null,4.98,3.35,null,5.91,65.01,""]
["4.1","001T","栏杆装饰","点",{"v":60,"d":"60.000"},null,50.77,null,null,4.98,3.35,null,5.91,65.01,""]
["药学系",{"$nulls":13},"分项工程(17房屋建筑与装饰)"]
["5","020906008007","栅栏、栏杆油漆\r\n(1)手工除锈、防锈漆一道、面漆两道","m2",650.039,20.75,5.63,null,null,2.59,1.74,null,3.07,33.77,""]
["5.1","10106005","金属构件制作(金属面除锈 手工除锈)","m2",{"v":325.02,"d":"325.020"},18.75,0.34,null,null,1.87,1.26,null,2.22,24.44,""]
["5.2","10114110","金属面其他油漆(金属面 红丹防锈漆一遍)","m2",650.039,4.13,4.27,null,null,0.82,0.55,null,0.98,10.75,""]
["分部分项工程量清单综合单价分析表",{"$nulls":13},""]
["",{"$nulls":13},""]
["工程名称：福建卫生职业技术学院四个系楼楼梯和走廊栏杆油漆修缮工程",{"$nulls":11},"第2页 共2页",null,""]
["序号","项目编码","项目名称及特征描述","单位","工程量","综合单价组成(元)",{"$nulls":7},"综合单价\r\n(元)",""]
[{"$nulls":5},"人工费","材料费","其中：\r\n设备费","施工机具使用费","企业管理费","利润","规费","税金",null,""]
["5.3","10114111","金属面其他油漆(金属面 调和漆二遍)","m2",650.039,7.24,1.19,null,null,0.83,0.56,null,0.98,{"v":10.8,"d":"10.80"},""]
["6","CBC007","锈蚀严重栏杆装饰\r\n(1)切割锈蚀栏杆，镀锌管焊接，防锈漆一道、面漆两道，若遇到水泥衔接处破损，需水泥砂浆修补、抹平","点",{"v":60,"d":"60.000"},null,50.77,null,null,4.98,3.35,null,5.91,65.01,""]
["6.1","001T","栏杆装饰","点",{"v":60,"d":"60.000"},null,50.77,null,null,4.98,3.35,null,5.91,65.01,""]
["护理临床系",{"$nulls":13},"分项工程(17房屋建筑与装饰)"]
["7","020906008008","栅栏、栏杆油漆\r\n(1)手工除锈、防锈漆一道、面漆两道","m2",471.229,20.75,5.63,null,null,2.59,1.74,null,3.07,33.77,""]
["7.1","10106005","金属构件制作(金属面除锈 手工除锈)","m2",235.615,18.75,0.34,null,null,1.87,1.26,null,2.22,24.44,""]
["7.2","10114110","金属面其他油漆(金属面 红丹防锈漆一遍)","m2",471.229,4.13,4.27,null,null,0.82,0.55,null,0.98,10.75,""]
["7.3","10114111","金属面其他油漆(金属面 调和漆二遍)","m2",471.229,7.24,1.19,null,null,0.83,0.56,null,0.98,{"v":10.8,"d":"10.80"},""]
["8","CBC008","锈蚀严重栏杆装饰\r\n(1)切割锈蚀栏杆，镀锌管焊接，防锈漆一道、面漆两道，若遇到水泥衔接处破损，需水泥砂浆修补、抹平","点",{"v":40,"d":"40.000"},null,50.77,null,null,4.98,3.35,null,5.91,65.01,""]
["8.1","001T","栏杆装饰","点",{"v":40,"d":"40.000"},null,50.77,null,null,4.98,3.35,null,5.91,65.01,""]

{"sheet":"单价措施项目清单综合单价分析表","index":13,"n_rows":11,"n_cols":15,"rows_kept":11,"merged":[[0,0,0,13],[1,0,1,13],[2,0,2,11],[2,12,2,13],[3,0,4,0],[3,1,4,1],[3,2,4,2],[3,3,4,3],[3,4,4,4],[3,5,3,12],[3,13,4,13],[4,11,4,12],[5,0,5,13],[6,0,6,13],[7,0,7,13],[8,0,8,13],[9,0,9,13],[10,0,10,13]],"flags":["formulas_cached_only"]}
["单价措施项目清单综合单价分析表",{"$nulls":13},""]
["",{"$nulls":13},""]
["工程名称：福建卫生职业技术学院四个系楼楼梯和走廊栏杆油漆修缮工程",{"$nulls":11},"第1页 共1页",null,""]
["序号","项目编码","项目名称及特征描述","单位","工程量","综合单价组成(元)",{"$nulls":7},"综合单价\r\n(元)",""]
[{"$nulls":5},"人工费","材料费","施工机具使用费","企业管理费","利润","规费","税金",null,null,""]
["单项工程",{"$nulls":13},"单项工程(17房屋建筑与装饰)"]
["房屋建筑与装饰工程",{"$nulls":13},"单位工程(17房屋建筑与装饰)"]
["基础系",{"$nulls":13},"分项工程(17房屋建筑与装饰)"]
["检验、影像系",{"$nulls":13},"分项工程(17房屋建筑与装饰)"]
["药学系",{"$nulls":13},"分项工程(17房屋建筑与装饰)"]
["护理临床系",{"$nulls":13},"分项工程(17房屋建筑与装饰)"]

{"sheet":"主要材料设备项目与价格表","index":14,"n_rows":7,"n_cols":9,"rows_kept":7,"merged":[[0,0,0,8],[1,0,1,8],[2,0,2,6],[2,7,2,8],[3,0,4,0],[3,1,4,1],[3,2,4,2],[3,3,4,4],[3,5,4,5],[3,6,4,6],[3,7,4,7],[3,8,4,8],[5,3,5,4],[6,3,6,4]],"flags":["formulas_cached_only"]}
["主要材料设备项目与价格表"]
[""]
["工程名称：福建卫生职业技术学院四个系楼楼梯和走廊栏杆油漆修缮工程",{"$nulls":6},"第1页 共1页"]
["序号","工料机编码","工料机名称","规格、型号等特殊要求",null,"单位","数量","单价","合价"]
[]
["一","","材料","",null,"","","",""]
["二","","设备","",null,"","","",""]

{"sheet":"人工、材料设备、机械汇总表","index":15,"n_rows":14,"n_cols":8,"rows_kept":14,"merged":[[0,0,0,7],[1,0,1,7],[2,0,2,5],[2,6,2,7]],"flags":["formulas_cached_only"]}
["人工、材料设备、机械汇总表"]
[""]
["工程名称：福建卫生职业技术学院四个系楼楼梯和走廊栏杆油漆修缮工程",{"$nulls":5},"第1页 共1页"]
["序号","工料机编码","工料机名称","规格、型号等特殊要求","单位","数量","单价","合价"]
["一","","人工","","","","",0]
["1","00010040","定额人工费","","元","","",50230.86]
["二","","材料","","","","",""]
["1","13010160","酚醛调和漆","","kg",400.733,6.41,{"v":2568.7,"d":"2568.70"}]
["2","13050090","醇酸防锈漆","","kg",1452.808,6.46,9385.14]
["3","14050060","油漆溶剂油","","kg",166.589,{"v":5.8,"d":"5.80"},966.21]
["4","49010040","其他材料费","","元",{"v":697.92,"d":"697.920"},{"v":1,"d":"1.00"},697.92]
["5","49011001","栏杆装饰","","点",{"v":220,"d":"220.000"},50.77,{"v":11168.3,"d":"11168.30"}]
["三","","设备","","","","",""]
["四","","施工机具","","","","",""]